Detalles MARC
| 000 -LEADER |
| campo de control de longitud fija |
02664nam a22005417a 4500 |
| 001 - NÚMERO DE CONTROL |
| campo de control |
42835 |
| 003 - IDENTIFICADOR DE NÚMERO DE CONTROL |
| campo de control |
gtgccic |
| 005 - FECHA Y HORA DE LA ÚLTIMA TRANSACCIÓN |
| campo de control |
20250804111631.0 |
| 007 - CAMPO FIJO DE DESCRIPCIÓN FÍSICA--INFORMACIÓN GENERAL |
| campo de control de longitud fija |
ta |
| 008 - DATOS DE LONGITUD FIJA--INFORMACIÓN GENERAL |
| campo de control de longitud fija |
250801b mx ||||| |||| 00| 0 spa d |
| 020 ## - NÚMERO INTERNACIONAL ESTÁNDAR DEL LIBRO |
| Número Internacional Estándar del Libro |
9682459435 |
| 028 ## - NÚMERO DE EDITOR O DISTRIBUIDOR |
| Fuente |
158 |
| 040 ## - FUENTE DE CATALOGACIÓN |
| Centro catalogador/agencia de origen |
gtgccic |
| Lengua de catalogación |
spa |
| Centro/agencia transcriptor |
gtgccic |
| Centro/agencia modificador |
gtgccic |
| Normas de descripción |
rda |
| 082 ## - NÚMERO DE LA CLASIFICACIÓN DECIMAL DEWEY |
| Número de clasificación |
691 P438 |
| 100 1# - ENTRADA PRINCIPAL--NOMBRE DE PERSONA |
| Nombre de persona |
Vicente Pérez Alamá |
| Títulos y otros términos asociados al nombre |
Arquitecto |
| Término indicativo de función/relación |
Autor |
| Forma completa/desarrollada del nombre |
Exprofesor de la Facultad de Arquitectura de la UNAM |
| 245 ## - MENCIÓN DEL TÍTULO |
| Título |
Materiales y procedimientos de construcción : |
| Resto del título |
Apoyos aislados y corridos / |
| Mención de responsabilidad, etc. |
Arq. Pérez Alamá, Vicente |
| 264 ## - PRODUCCIÓN, PUBLICACIÓN, DISTRIBUCIÓN, FABRICACIÓN Y COPYRIGHT |
| Producción, publicación, distribución, fabricación y copyright |
México : |
| Nombre del de productor, editor, distribuidor, fabricante |
Editorial Trillas ; |
| Fecha de producción, publicación, distribución, fabricación o copyright |
2000. |
| 300 ## - DESCRIPCIÓN FÍSICA |
| Extensión |
160 p. : |
| Otras características físicas |
il. ; |
| Dimensiones |
27 cm |
| 336 ## - TIPO DE CONTENIDO |
| Fuente |
rdacontenido |
| Término de tipo de contenido |
texto |
| Código de tipo de contenido |
txt |
| 337 ## - TIPO DE MEDIO |
| Fuente |
rdamedio |
| Nombre/término del tipo de medio |
sin mediación |
| Código del tipo de medio |
n |
| 338 ## - TIPO DE SOPORTE |
| Fuente |
rdasoporte |
| Nombre/término del tipo de soporte |
volumen |
| Código del tipo de soporte |
nc |
| 505 ## - NOTA DE CONTENIDO CON FORMATO |
| Título |
Cap. 1. APOYOS CORRIDOS, MUROS |
| 505 ## - NOTA DE CONTENIDO CON FORMATO |
| Título |
1.1. MÓDULO DE ELASTICIDAD |
| 505 ## - NOTA DE CONTENIDO CON FORMATO |
| Título |
1.2. MÓDULO DE CORTANTE DE LA MAMPOSTERÍA |
| 505 ## - NOTA DE CONTENIDO CON FORMATO |
| Título |
1.3. FUERZA CORTANTE RESISTIDA POR LA MAMPOSTERÍA |
| 505 ## - NOTA DE CONTENIDO CON FORMATO |
| Título |
1.4. RESISTENCIA A FLEXOCOMPRESIÓN EN EL PLANO DEL MURO |
| 505 ## - NOTA DE CONTENIDO CON FORMATO |
| Título |
1.5. MAMPOSTERÍA DE PIEDRAS NATURALES |
| 505 ## - NOTA DE CONTENIDO CON FORMATO |
| Título |
1.6. MAMPOSTERÍA DE PIEDRAS ARTIFICIALES |
| 505 ## - NOTA DE CONTENIDO CON FORMATO |
| Título |
1.7. FLEXOCOMPRESIÓN EN EL PLANO DEL MURO |
| 505 ## - NOTA DE CONTENIDO CON FORMATO |
| Título |
Cap. 2. MUROS DE CARGA |
| 505 ## - NOTA DE CONTENIDO CON FORMATO |
| Título |
2.1. MUROS DE PIEDRA |
| 505 ## - NOTA DE CONTENIDO CON FORMATO |
| Título |
2.2. MUROS DE TABIQUE |
| 505 ## - NOTA DE CONTENIDO CON FORMATO |
| Título |
2.3. MUROS DE CONCRETO |
| 505 ## - NOTA DE CONTENIDO CON FORMATO |
| Título |
2.4. MUROS DE SILLARES |
| 505 ## - NOTA DE CONTENIDO CON FORMATO |
| Título |
2.5. MUROS DE CONTENCIÓN O SOSTENIMIENTO |
| 505 ## - NOTA DE CONTENIDO CON FORMATO |
| Título |
2.6. MUROS DIVISORIOS |
| 505 ## - NOTA DE CONTENIDO CON FORMATO |
| Título |
Cap. 3. APOYOS AISLADOS (COLUMNAS) |
| 505 ## - NOTA DE CONTENIDO CON FORMATO |
| Título |
3.1. COLUMNAS DE PIEDRA<br/> |
| 505 ## - NOTA DE CONTENIDO CON FORMATO |
| Título |
3.2. COLUMNAS DE TABIQUE |
| 505 ## - NOTA DE CONTENIDO CON FORMATO |
| Título |
3.3. COLUMNA DE CONCRETO ARMADO |
| 505 ## - NOTA DE CONTENIDO CON FORMATO |
| Título |
3.4. COLUMNAS DE MADERA |
| 505 ## - NOTA DE CONTENIDO CON FORMATO |
| Título |
3.5. COLUMNAS DE ACERO |
| 520 ## - RESUMEN, ETC. |
| Sumario, etc. |
Este libro está dirigido, a estudiantes, constructores, maestros, arquitectos e ingenieros en el ejercicio de su profesión; en él se completa todo lo relacionado con los apoyos aislados y corridos (columnas y muros respectivamente). La obra ofrece un panorama completo de la construcción en el sentido de la estructura propiamente, el sostenimiento de la misma y el proceso constructivo más sencillo y prático para su ejecución.<br/>Al final de cada capítulo se exponen ejercicios ilustrativos y su solución, para aclarar dudas y ofrecer un mayor entendimiento para el lector, además el procedimiento adoptado por el autor, utilizando los croquis de construcción, ofrecen la expresión más caracterísitca y los detalles más típicos. |
| 650 ## - PUNTO DE ACCESO ADICIONAL DE MATERIA--TÉRMINO DE MATERIA |
| Término de materia o nombre geográfico como elemento de entrada |
MATERIALES DE CONSTRUCCIÓN |
| 650 ## - PUNTO DE ACCESO ADICIONAL DE MATERIA--TÉRMINO DE MATERIA |
| Término de materia o nombre geográfico como elemento de entrada |
MUROS DE SEGURIDAD |
| 942 ## - ELEMENTOS DE ENTRADA SECUNDARIOS (KOHA) |
| Fuente de la clasificación o esquema de estantería |
Clasificación Decimal Dewey |
| Tipo de ítem Koha |
Libros |
| Suprimir en OPAC |
No |
| 945 ## - PROCESAMIENTO DE INFORMACIÓN LOCAL (OCLC) |
| a |
amlo |